[Event "O pohár města Říčany 2017"]
[Site "Kulturni centrum Labut, 17. Listopadu 214 25101 Ricany"]
[Date "2017.08.26"]
[Round "1.27"]
[White "Rastocny, Josef"]
[Black "Maslo, Ondrej"]
[Result "1-0"]
[WhiteElo "2008"]
[BlackElo "1744"]
[PlyCount "0"]
[EventDate "2017.08.26"]

1. d4 d5 2. c4 c6 3. Nc3 Nf6 4. Bg5 e6 5. Nf3 h6 6. Bh4 Nbd7 7. e3 dxc4 8. Bxc4
Bb4 9. O-O Bxc3 10. bxc3 b5 11. Bd3 O-O 12. a4 bxa4 13. Qxa4 Bb7 14. Rfb1 Nb6
15. Qa3 Qe8 16. Bxf6 gxf6 17. e4 Rc8 18. Qc1 Kh7 19. Qf4 Nd7 20. Nh4 Rg8 21. e5+
Kg7 22. Qe4 f5 23. Qf4 Nb6 24. c4 Qd8 25. Nf3 Qe7 26. Qg3+ Kh7 27. Qh3 Kg7
28. Nh4 Kh7 29. c5 Nd5 30. Bxf5+ exf5 31. Nxf5 Qe6 32. Rxb7 Rg6 33. Ng3 Qe8
34. Qf5 Kg8 35. Ne4 a5 36. Nd6 Ne7 37. Qf4 Nd5 38. Qf5 Qe6 39. Rxf7 Qxf5
40. Rxf5 Rb8 41. h3 Rb2 42. Rxa5 Ne3 43. Ra8+ Kg7 44. Rf7# 1-0

[Event "O pohár města Říčany 2017"]
[Site "Kulturni centrum Labut, 17. Listopadu 214 25101 Ricany"]
[Date "2017.08.26"]
[Round "1.28"]
[White "Vilimova, Julie"]
[Black "Blumel, Otto"]
[Result "0-1"]
[WhiteElo "1741"]
[BlackElo "2002"]
[PlyCount "0"]
[EventDate "2017.08.26"]

1. d4 e5 2. dxe5 Nc6 3. Nf3 Qe7 4. Nc3 Nxe5 5. Nd4 c6 6. e4 d5 7. Be2 dxe4
8. Nxe4 Qh4 9. Nb5 Bb4+ 10. c3 Qxe4 11. Nc7+ Ke7 12. Nxa8 Qxg2 13. Rf1 Bd6
14. Be3 Bh3 15. f4 Ng4 16. Bxa7 N8f6 17. Nb6 Ne3 18. Nc8+ Bxc8 19. Bxe3 Nd5
20. Qd2 Qe4 21. Rf3 Bf5 22. Qd4 Qe6 23. a3 Bg4 24. Rg3 Bxe2 25. Kxe2 Bxf4
26. Rf3 Bxe3 27. Rxe3 Qxe3+ 28. Qxe3+ Nxe3 29. Kxe3 Rd8 30. a4 Rd5 31. b4 Kd6
32. c4 Re5+ 33. Kf3 Rh5 34. Ra2 Rh3+ 35. Ke4 Rb3 36. b5 Rb4 37. Kd3 f5 38. Kc3
Kc5 39. Rf2 Rxc4+ 40. Kb3 g6 41. Re2 Rb4+ 42. Ka3 Rh4 0-1

[Event "O pohár města Říčany 2017"]
[Site "Kulturni centrum Labut, 17. Listopadu 214 25101 Ricany"]
[Date "2017.08.26"]
[Round "1.29"]
[White "Skacel, Jan"]
[Black "Matys, Jakub"]
[Result "1/2-1/2"]
[WhiteElo "1991"]
[BlackElo "1727"]
[PlyCount "0"]
[EventDate "2017.08.26"]

1. c4 Nf6 2. Nc3 c5 3. Nf3 Nc6 4. d4 cxd4 5. Nxd4 g6 6. e4 d6 7. Be2 Bg7 8. Nc2
O-O 9. O-O Bd7 10. Ne3 Rc8 11. Rb1 a5 12. Ncd5 Ne5 13. Nxf6+ Bxf6 14. Nd5 Bg7
15. Qb3 Bc6 16. Be3 Nd7 17. f3 Nc5 18. Qa3 Bxd5 19. cxd5 b6 20. Bb5 f5 21. b4
axb4 22. Qxb4 Ra8 23. a4 fxe4 24. fxe4 Rxf1+ 25. Rxf1 Qc8 26. Bc6 Rb8 27. h3 Be5
28. Bh6 Qc7 29. Bb5 Bg7 30. Bxg7 Kxg7 31. Qd4+ Kg8 32. Qe3 1/2-1/2

[Event "O pohár města Říčany 2017"]
[Site "Kulturni centrum Labut, 17. Listopadu 214 25101 Ricany"]
[Date "2017.08.26"]
[Round "1.30"]
[White "Benes, Karel"]
[Black "Bares, Jachym"]
[Result "0-1"]
[WhiteElo "1706"]
[BlackElo "1989"]
[PlyCount "0"]
[EventDate "2017.08.26"]

1. e4 e5 2. Nf3 Nc6 3. d4 exd4 4. Nxd4 Nf6 5. Bg5 Be7 6. Nc3 Nxe4 7. Nxc6 bxc6
8. Bxe7 Qxe7 9. Nxe4 Qxe4+ 10. Qe2 Qxe2+ 11. Bxe2 O-O 12. Kd2 Rb8 13. Kc3 d5
14. Rad1 Bf5 15. Rhe1 Rfe8 16. g4 Rxe2 17. gxf5 Rbe8 18. Rf1 f6 19. Rd3 R8e4
20. Kb3 Rc4 21. c3 Rf4 22. Rd4 Rfxf2 23. Rxf2 Rxf2 24. Ra4 c5 25. Rxa7 c4+
26. Ka3 Rxh2 27. Rxc7 h5 28. b4 cxb3 29. axb3 Rh1 30. Rc8+ Kh7 31. Re8 h4
32. Re3 g5 33. fxg6+ Kxg6 34. Rd3 h3 35. Kb4 h2 36. Rh3 f5 37. Kb5 f4 38. Rh8 f3
39. Rg8+ Kf7 40. Rg3 Rf1 0-1

[Event "O pohár města Říčany 2017"]
[Site "Kulturni centrum Labut, 17. Listopadu 214 25101 Ricany"]
[Date "2017.08.26"]
[Round "1.31"]
[White "Postupa, Pavel"]
[Black "Simak, Roman"]
[Result "1/2-1/2"]
[WhiteElo "1984"]
[BlackElo "1702"]
[PlyCount "0"]
[EventDate "2017.08.26"]

1. e4 d5 2. e5 Bf5 3. d4 e6 4. Nf3 c5 5. c3 Nc6 6. Be3 Qb6 7. Qb3 c4 8. Qxb6
axb6 9. Be2 b5 10. Nbd2 Nge7 11. O-O Kd7 12. Nh4 h6 13. Nxf5 Nxf5 14. g4 Nfe7
15. a3 g6 16. Nf3 Bg7 17. Nd2 h5 18. g5 Nc8 19. f4 Nb6 20. Bd1 b4 21. Nb1 Bf8
22. cxb4 Bxb4 23. Nc3 Bxc3 24. bxc3 Na4 25. Bd2 Rhb8 26. Bc2 b5 27. Rab1 Ra5
28. Rf3 Nb6 29. Bc1 Na4 1/2-1/2

[Event "O pohár města Říčany 2017"]
[Site "Kulturni centrum Labut, 17. Listopadu 214 25101 Ricany"]
[Date "2017.08.26"]
[Round "1.32"]
[White "Hejsek, Lukas"]
[Black "Hadrava, Jaroslav"]
[Result "1/2-1/2"]
[WhiteElo "1683"]
[BlackElo "1964"]
[PlyCount "0"]
[EventDate "2017.08.26"]

1. e4 e5 2. Nf3 Nc6 3. d4 exd4 4. Bc4 Nf6 5. O-O Nxe4 6. Re1 d5 7. Bxd5 Qxd5
8. Nc3 Qh5 9. Nxe4 Be6 10. Neg5 O-O-O 11. Nxe6 fxe6 12. Bf4 Bd6 13. Bxd6 Rxd6
14. Qe2 Qf5 15. Qe4 Rf8 16. Rad1 g5 17. Qxf5 Rxf5 18. a3 Kd7 19. h3 h6 20. Nd2
Rdd5 21. Ne4 b6 22. g4 Rf7 23. Kg2 Ne7 24. b4 Ng6 25. c4 dxc3 26. Nxc3 Nh4+
27. Kh1 Rxd1 28. Rxd1+ Kc8 29. Re1 Rf3 30. Re3 Kd7 31. Rxf3 Nxf3 32. Ne4 Ke7
33. a4 a6 34. a5 Nd4 35. f4 gxf4 36. h4 bxa5 37. bxa5 Nc6 38. Nc5 Nxa5 39. Nxa6
c6 40. Kg2 e5 41. Kf3 Nc4 42. Nb4 c5 43. Nd3 Ke6 44. Nxc5+ Kd5 45. Ne4 Nd6
46. Nf6+ Kd4 47. g5 Nf5 48. gxh6 Nxh4+ 49. Ke2 e4 50. Ng4 Ng6 51. h7 Kd5 52. Kf2
Ke6 53. Ke2 Nh8 54. Nf2 Ke5 55. Ng4+ Kd4 56. Nh2 Ng6 57. Nf1 Ke5 58. Nh2 Kf5
59. Nf1 Nh8 60. Nh2 Kg5 61. Nf1 Nf7 62. Nd2 Kf5 63. Nf1 Ke5 64. Nh2 Kf6 65. Nf1
Kf5 66. Nd2 Ke5 67. Nf1 Kd4 68. Nh2 Nh8 69. Nf1 Ke5 70. Nd2 Kf5 71. Nf1 Nf7
72. Nd2 Nh8 73. Nf1 Ng6 74. Nd2 Ke5 75. Nf1 Kf6 76. Nd2 Ke5 77. Nf1 Kd4 78. Nd2
Nh8 79. Nf1 e3 80. Nh2 Ke4 81. Nf3 Kf5 82. Nd4+ Kg4 83. Nc2 f3+ 84. Kxe3 Kg3
85. Kd2 f2 86. Ne3 Kf3 87. Nf1 Ng6 88. Ne3 Kg3 89. Ke2 Nf4+ 1/2-1/2

[Event "O pohár města Říčany 2017"]
[Site "Kulturni centrum Labut, 17. Listopadu 214 25101 Ricany"]
[Date "2017.08.26"]
[Round "1.33"]
[White "Vavrinec, Tomas"]
[Black "Kuhnmund, Ivan"]
[Result "1-0"]
[WhiteElo "1960"]
[BlackElo "1640"]
[PlyCount "0"]
[EventDate "2017.08.26"]

1. c4 c6 2. Nf3 Qc7 3. Nc3 d6 4. d4 e5 5. e4 Nf6 6. Be2 Be7 7. O-O O-O 8. h3 a5
9. Bg5 Na6 10. Rc1 exd4 11. Qxd4 Nc5 12. Bh4 Rd8 13. Bg3 Qb6 14. Rfd1 d5
15. cxd5 cxd5 16. exd5 Bd6 17. Nb5 Bxg3 18. Rxc5 Bd6 19. Rxc8 Qxd4 20. Rxd8+ 1-0

[Event "O pohár města Říčany 2017"]
[Site "Kulturni centrum Labut, 17. Listopadu 214 25101 Ricany"]
[Date "2017.08.26"]
[Round "1.34"]
[White "Nemecek, Lukas"]
[Black "Skala, Jaromir"]
[Result "1-0"]
[WhiteElo "1632"]
[BlackElo "1942"]
[PlyCount "0"]
[EventDate "2017.08.26"]

1. e4 e5 2. Nf3 Nc6 3. d4 exd4 4. Bc4 Bc5 5. c3 Nf6 6. e5 d5 7. Bb5 Ne4 8. cxd4
Bb4+ 9. Nbd2 Bd7 10. O-O Nxd2 11. Bxd2 Bxd2 12. Qxd2 O-O 13. Rac1 Nxe5 14. dxe5
Bxb5 15. Rfd1 c6 16. Nd4 Ba6 17. Qb4 Re8 18. Re1 Qe7 19. Qa4 Bd3 20. Rc3 Bg6
21. f4 c5 22. Nb5 d4 23. Rg3 Qd7 24. Qb3 b6 25. Nd6 Re7 26. Qf3 Rf8 27. f5 c4
28. fxg6 fxg6 29. Qd5+ Kh8 30. Qxd4 b5 31. Rge3 Re6 32. Qc5 Rb8 33. Rf3 Re7
34. Qd5 Qe6 35. Qxe6 Rxe6 36. Kf2 a5 37. Nxb5 1-0

[Event "O pohár města Říčany 2017"]
[Site "Kulturni centrum Labut, 17. Listopadu 214 25101 Ricany"]
[Date "2017.08.26"]
[Round "1.35"]
[White "Otruba, Marek"]
[Black "Skrabanek, Matej"]
[Result "1-0"]
[WhiteElo "1937"]
[BlackElo "1600"]
[PlyCount "0"]
[EventDate "2017.08.26"]

1. d4 Nf6 2. c4 g6 3. g3 Bg7 4. Bg2 O-O 5. Nf3 d6 6. O-O Nbd7 7. Nc3 e5 8. Qc2
exd4 9. Nxd4 Nb6 10. b3 c6 11. Rd1 Re8 12. Ba3 d5 13. cxd5 cxd5 14. e4 Nxe4
15. Nxe4 dxe4 16. Ne6 Qf6 17. Nxg7 Qxg7 18. Bb2 f6 19. Bxe4 Qe7 20. Bxg6 Bg4
21. Bxe8 Bxd1 22. Bf7+ Qxf7 23. Rxd1 Re8 24. Qf5 Kg7 25. Qg5+ Qg6 26. Bxf6+ 1-0

[Event "O pohár města Říčany 2017"]
[Site "Kulturni centrum Labut, 17. Listopadu 214 25101 Ricany"]
[Date "2017.08.26"]
[Round "1.36"]
[White "Jirousek, Tadeas"]
[Black "Kunc, Jan"]
[Result "1-0"]
[WhiteElo "1584"]
[BlackElo "1937"]
[PlyCount "0"]
[EventDate "2017.08.26"]

1. e4 c5 2. Nf3 Nc6 3. d4 cxd4 4. Nxd4 Nf6 5. Nc3 e5 6. Nb3 Bb4 7. Bd3 d5
8. exd5 Nxd5 9. Bd2 Nxc3 10. bxc3 Be7 11. O-O O-O 12. Re1 Be6 13. Qe2 Rc8 14. f4
exf4 15. Bxf4 Bf6 16. Rad1 Qb6+ 17. Be3 Qc7 18. Bd4 Nxd4 19. cxd4 Bxb3 20. cxb3
Bxd4+ 21. Kh1 Bf6 22. Qf3 Bc3 23. Re3 Qa5 24. Bc4 Bf6 25. Qxb7 Rc7 26. Qe4 Qxa2
27. Qf4 Qa5 28. Rg3 Qe5 29. Qg4 g6 30. Rh3 Qg5 31. Qe4 Re7 32. Qc6 Rfe8 33. Rf1
Re1 34. Rf3 Rxf1+ 35. Rxf1 Re6 36. Bxe6 fxe6 37. Qxe6+ Kg7 38. Qd7+ Kh6 39. Qxa7
Be5 40. Qf7 Qh5 41. Qf8+ Kg5 42. h3 Qe2 43. Qf3 Qb2 44. Qe3+ Kh5 45. Qf3+ Kh6
46. Qe3+ Kg7 47. Qd3 Bd4 48. Qc4 Kh6 49. Qc1+ Qxc1 50. Rxc1 Kg5 51. Rf1 Bc3
52. Rf7 h5 53. Kg1 Kh6 54. Kf1 g5 55. Rc7 Ba5 56. Rc4 g4 57. hxg4 hxg4 58. b4
Bb6 59. b5 Kg5 60. Rc6 Ba7 1-0

[Event "O pohár města Říčany 2017"]
[Site "Kulturni centrum Labut, 17. Listopadu 214 25101 Ricany"]
[Date "2017.08.27"]
[Round "2.1"]
[White "Slovak, Kilian"]
[Black "Pulpan, Jakub"]
[Result "0-1"]
[WhiteElo "2101"]
[BlackElo "2390"]
[PlyCount "0"]
[EventDate "2017.08.26"]

1. e4 c5 2. Nf3 d6 3. d4 cxd4 4. Nxd4 Nf6 5. Nc3 a6 6. Be3 e5 7. Nb3 Be6 8. f3
h5 9. Qd2 Nbd7 10. Nd5 Bxd5 11. exd5 g6 12. Be2 Bg7 13. Na5 Qc7 14. O-O e4
15. c4 exf3 16. gxf3 O-O 17. Rac1 Rae8 18. b4 Rxe3 19. Qxe3 Re8 20. Qd2 Qb6+
21. Kh1 Bh6 22. Qxh6 Rxe2 23. a3 Qd4 24. Qg5 Ng4 25. Qh4 Qe5 0-1

[Event "O pohár města Říčany 2017"]
[Site "Kulturni centrum Labut, 17. Listopadu 214 25101 Ricany"]
[Date "2017.08.27"]
[Round "2.2"]
[White "Vojta, Tomas"]
[Black "Ludvik, Tomas"]
[Result "1-0"]
[WhiteElo "2363"]
[BlackElo "2095"]
[PlyCount "0"]
[EventDate "2017.08.26"]

1. d4 Nf6 2. Nf3 g6 3. c3 Bg7 4. Bg5 d6 5. Nbd2 h6 6. Bh4 Nbd7 7. h3 O-O 8. e3
c5 9. Bc4 b6 10. O-O Bb7 11. Qe2 e5 12. dxe5 dxe5 13. e4 Qc7 14. g4 Rfe8 15. Bg3
Nh7 16. Rfd1 Nhf8 17. Bd5 Rad8 18. Nc4 Ba6 19. Qc2 Ne6 20. Qa4 Bc8 21. Bc6 Re7
22. Ne3 b5 23. Bxb5 Nb6 24. Qc2 a6 25. Bf1 Red7 26. Rxd7 Rxd7 27. Rd1 Rxd1
28. Qxd1 Bb7 29. Qc2 c4 30. Nd2 Qc6 31. Nexc4 Nxc4 32. Bxc4 Ng5 33. Bd5 Qd7
34. Bxb7 Qxb7 35. Kg2 h5 36. c4 Qd7 37. f3 Bh6 38. h4 Ne6 39. g5 Bg7 40. Nf1 Nd4
41. Qd2 Qc6 42. Ne3 f5 43. gxf6 Qxf6 44. Qf2 Qc6 45. b3 a5 46. Nc2 Ne6 47. Qd2
Qc7 48. Qd5 Kf7 49. Nd4 Qc8 50. Nxe6 Qxe6 51. Be1 a4 52. bxa4 1-0

[Event "O pohár města Říčany 2017"]
[Site "Kulturni centrum Labut, 17. Listopadu 214 25101 Ricany"]
[Date "2017.08.27"]
[Round "2.3"]
[White "Kaplan, Daniel"]
[Black "Kulhanek, Tomas"]
[Result "1-0"]
[WhiteElo "2057"]
[BlackElo "2324"]
[PlyCount "0"]
[EventDate "2017.08.26"]

1. d4 Nf6 2. c4 e6 3. Nf3 Bb4+ 4. Bd2 a5 5. Nc3 O-O 6. a3 Bxc3 7. Bxc3 Ne4
8. Qc2 f5 9. e3 b6 10. b4 axb4 11. axb4 Rxa1+ 12. Bxa1 Bb7 13. Bd3 Ng5 14. d5
exd5 15. Bxf5 dxc4 16. h4 Nxf3+ 17. gxf3 Kh8 18. Bxh7 Rf6 19. Rg1 Qf8 20. h5 Nc6
21. h6 Nxb4 22. Qxc4 g5 23. Bxf6+ Kxh7 24. Bc3 Nc2+ 25. Kd2 Qxf3 26. Rxg5 Qxf2+
27. Qe2 Qxe2+ 28. Kxe2 Kxh6 29. Rg8 Na3 30. Kd3 Nb5 31. Bb2 d5 32. Ke2 Kh7
33. Rg3 Kh6 34. Be5 c5 35. Rg8 d4 36. Rb8 Nc3+ 37. Ke1 Be4 38. Rxb6+ Kg5
39. exd4 cxd4 40. Bxd4 Nd5 41. Re6 Kf4 42. Kf2 Bh1 43. Rh6 Be4 44. Rh4+ Kf5
45. Kg3 Bc2 46. Bb2 Bd1 47. Rd4 Bb3 48. Kf3 Ba2 49. Ra4 Bb3 50. Ra5 Bd1+ 51. Kf2
Ke4 52. Ke1 Bf3 53. Kd2 Kf5 54. Ra8 Bg2 55. Rf8+ Ke6 56. Kd3 Nb4+ 57. Kc4 Nc6
58. Rf6+ Kd7 59. Kc5 Bh1 60. Rf1 Bg2 61. Rg1 Bf3 62. Rg3 Bh1 63. Rg8 Bf3 64. Rh8
Bg2 65. Rh6 Bf3 66. Rd6+ Ke7 67. Bf6+ Kf7 68. Bh4 Kg7 69. Rf6 Bg2 70. Kd6 Nd4
71. Rf2 Bb7 72. Bf6+ 1-0

[Event "O pohár města Říčany 2017"]
[Site "Kulturni centrum Labut, 17. Listopadu 214 25101 Ricany"]
[Date "2017.08.27"]
[Round "2.4"]
[White "Svatos, Jan"]
[Black "Petr, Jakub"]
[Result "1/2-1/2"]
[WhiteElo "2310"]
[BlackElo "2046"]
[PlyCount "0"]
[EventDate "2017.08.26"]

1. d4 Nf6 2. Bg5 Ne4 3. h4 c5 4. d5 d6 5. Nd2 Nxg5 6. hxg5 g6 7. Ngf3 Bg7 8. c3
Nd7 9. e4 Ne5 10. Nxe5 Bxe5 11. g3 Bg7 12. Qa4+ Bd7 13. Bb5 Bxb5 14. Qxb5+ Qd7
15. a4 h6 16. gxh6 Rxh6 17. Ke2 O-O-O 18. Qxd7+ Kxd7 19. Rxh6 Bxh6 20. Nc4 Bg7
21. Rh1 Rh8 22. Rxh8 Bxh8 23. f4 e6 24. g4 b6 25. Kd3 Bf6 26. b4 g5 27. f5 exd5
28. exd5 cxb4 29. cxb4 Be5 30. Nd2 f6 31. Kc4 a6 32. Ne4 Kc7 33. Nf2 Kd7 34. Nd3
Kc7 35. Nc1 Kb7 36. Nd3 1/2-1/2

[Event "O pohár města Říčany 2017"]
[Site "Kulturni centrum Labut, 17. Listopadu 214 25101 Ricany"]
[Date "2017.08.27"]
[Round "2.5"]
[White "Steiner, Juraj"]
[Black "Novotny, Michal"]
[Result "0-1"]
[WhiteElo "2022"]
[BlackElo "2257"]
[PlyCount "0"]
[EventDate "2017.08.26"]

1. d4 Nf6 2. c4 g6 3. Nc3 d5 4. Nf3 Bg7 5. Bg5 Ne4 6. Bh4 Nxc3 7. bxc3 dxc4
8. e3 Be6 9. Ng5 Bd5 10. Bxc4 Bxc4 11. Qa4+ b5 0-1

[Event "O pohár města Říčany 2017"]
[Site "Kulturni centrum Labut, 17. Listopadu 214 25101 Ricany"]
[Date "2017.08.27"]
[Round "2.6"]
[White "Hollan, Martin"]
[Black "Rastocny, Josef"]
[Result "1/2-1/2"]
[WhiteElo "2233"]
[BlackElo "2008"]
[PlyCount "0"]
[EventDate "2017.08.26"]

1. e4 e6 2. d4 d5 3. Nd2 Nf6 4. e5 Nfd7 5. Bd3 c5 6. c3 Nc6 7. Ne2 cxd4 8. cxd4
f6 9. exf6 Nxf6 10. O-O Bd6 11. Nf3 O-O 12. h3 Qc7 13. Nc3 a6 14. Be3 Bd7
15. Rc1 Be8 16. Ng5 Qe7 17. a3 h6 18. Nf3 Bh5 19. Be2 Bc7 20. Ne1 Qd6 21. f4
Bxe2 22. Qxe2 Ne4 23. Qd3 Ng3 24. Rf3 Nf5 25. Ne2 Bb6 26. Bf2 Qe7 27. Nc2 Qf6
28. Rd1 Rac8 29. Nc3 Nh4 1/2-1/2

[Event "O pohár města Říčany 2017"]
[Site "Kulturni centrum Labut, 17. Listopadu 214 25101 Ricany"]
[Date "2017.08.27"]
[Round "2.8"]
[White "Haba, Zdenek"]
[Black "Vavrinec, Tomas"]
[Result "1-0"]
[WhiteElo "2207"]
[BlackElo "1960"]
[PlyCount "0"]
[EventDate "2017.08.26"]

1. d4 e6 2. c4 Nf6 3. g3 c5 4. Nf3 d5 5. cxd5 exd5 6. Nc3 Nc6 7. Bg2 c4 8. O-O
Be7 9. Ne5 O-O 10. Nxc6 bxc6 11. e4 Bg4 12. f3 Bd7 13. e5 Ne8 14. b3 cxb3
15. Qxb3 Qa5 16. Be3 Nc7 17. Qc2 Rab8 18. Rab1 g6 19. g4 Na6 20. h3 Nb4 21. Qd2
Na6 22. Ne2 Bb4 23. Qc2 Rb6 24. f4 Rfb8 25. f5 Ba3 26. Bd2 Nb4 27. Qc3 Qa4
28. Qf3 Qc2 29. fxg6 Qxd2 30. Qxf7+ 1-0

[Event "O pohár města Říčany 2017"]
[Site "Kulturni centrum Labut, 17. Listopadu 214 25101 Ricany"]
[Date "2017.08.27"]
[Round "2.9"]
[White "Blumel, Otto"]
[Black "Anaskin, Arsenij"]
[Result "0-1"]
[WhiteElo "2002"]
[BlackElo "2188"]
[PlyCount "0"]
[EventDate "2017.08.26"]

1. d4 Nf6 2. Nc3 d6 3. e4 Nbd7 4. Nf3 e5 5. dxe5 dxe5 6. Bc4 Be7 7. Qe2 O-O
8. Be3 c6 9. h3 b5 10. Bd3 Qc7 11. a4 b4 12. Nb1 Nc5 13. Bxc5 Bxc5 14. Nbd2 Re8
15. Nc4 Rb8 16. b3 a5 17. Nfd2 Bd4 18. O-O-O Nd7 19. Ne3 Nc5 20. Bc4 Bc3 21. Nf5
Bxf5 22. exf5 e4 23. Qh5 Bf6 24. f4 Rb7 25. g3 e3 26. Nf3 Ne4 27. Rhg1 h6
28. Rg2 Nc3 29. Rd3 Rd8 30. Ne5 Rxd3 31. Nxd3 Qd6 32. Qf3 Re7 33. Re2 Qd4
34. Re1 Na2+ 35. Kd1 e2+ 0-1

[Event "O pohár města Říčany 2017"]
[Site "Kulturni centrum Labut, 17. Listopadu 214 25101 Ricany"]
[Date "2017.08.27"]
[Round "2.10"]
[White "Jelinek, Michal"]
[Black "Otruba, Marek"]
[Result "1-0"]
[WhiteElo "2173"]
[BlackElo "1937"]
[PlyCount "0"]
[EventDate "2017.08.26"]

1. d4 d6 2. Nf3 Nd7 3. e4 e5 4. Bc4 Be7 5. dxe5 Nxe5 6. Nxe5 dxe5 7. Qh5 g6
8. Qxe5 Nf6 9. Bh6 Rg8 10. Bg5 Kf8 11. Nc3 c6 12. Rd1 Nd7 13. Qf4 Qe8 14. Bh6+
Rg7 15. O-O Nc5 16. b4 Nd7 17. e5 Nb6 18. Bb3 Kg8 19. Ne4 g5 20. Nf6+ Bxf6
21. Qxf6 Rg6 22. Qxf7+ 1-0

[Event "O pohár města Říčany 2017"]
[Site "Kulturni centrum Labut, 17. Listopadu 214 25101 Ricany"]
[Date "2017.08.27"]
[Round "2.11"]
[White "Bares, Jachym"]
[Black "Zeman, Matyas"]
[Result "0-1"]
[WhiteElo "1989"]
[BlackElo "2168"]
[PlyCount "0"]
[EventDate "2017.08.26"]

1. e4 c5 2. Nf3 Nc6 3. d4 cxd4 4. Nxd4 e5 5. Nb5 d6 6. N1c3 a6 7. Na3 Be6
8. Nc4 b5 9. Ne3 Nf6 10. f3 Be7 11. Ned5 O-O 12. Be3 Bxd5 13. Nxd5 Nxd5 14. Qxd5
Rc8 15. c3 Bg5 16. Qd2 Bxe3 17. Qxe3 d5 18. Bd3 d4 19. cxd4 Qxd4 20. Qxd4 Nxd4
21. Kd2 f6 22. Rac1 Kf7 23. b4 Ke7 24. Rxc8 Rxc8 25. Rc1 Rxc1 26. Kxc1 g5
27. Kd2 Kd6 28. Ke3 Kc6 29. g3 Kb6 30. f4 a5 31. fxe5 fxe5 32. a3 axb4 33. axb4
Nc6 34. Kf3 Nxb4 35. Be2 h5 36. Kg2 g4 37. h3 Nc2 38. Kf2 b4 39. hxg4 b3 0-1

[Event "O pohár města Říčany 2017"]
[Site "Kulturni centrum Labut, 17. Listopadu 214 25101 Ricany"]
[Date "2017.08.27"]
[Round "2.12"]
[White "Hrdina, Robin"]
[Black "Skokan, Frantisek"]
[Result "1/2-1/2"]
[WhiteElo "2151"]
[BlackElo "1933"]
[PlyCount "0"]
[EventDate "2017.08.26"]

1. e4 e5 2. Nc3 Nf6 3. Bc4 Be7 4. d3 d6 5. Nge2 Be6 6. Bb3 Bxb3 7. axb3 d5
8. exd5 Nxd5 9. O-O O-O 10. Nxd5 Qxd5 11. Nc3 Qd7 12. f4 Nc6 13. f5 Nd4 14. Kh1
Nxf5 15. Qg4 g6 16. Ne4 a5 17. Bh6 Rfd8 18. Bg5 h5 19. Qf3 Bxg5 20. Nxg5 Qd5
21. Ne4 Ra6 22. Qh3 Kg7 23. Rae1 Rc6 24. Rf2 Nh6 25. Rfe2 Ng4 26. Qg3 f5 27. Nc3
f4 28. Qh4 Qd7 29. Ne4 Ne3 1/2-1/2

[Event "O pohár města Říčany 2017"]
[Site "Kulturni centrum Labut, 17. Listopadu 214 25101 Ricany"]
[Date "2017.08.27"]
[Round "2.13"]
[White "Stork, Rostislav"]
[Black "Husek, Martin"]
[Result "0-1"]
[WhiteElo "1764"]
[BlackElo "2148"]
[PlyCount "0"]
[EventDate "2017.08.26"]

1. e4 c5 2. d3 Nc6 3. Nf3 e6 4. g3 d5 5. Nbd2 Bd6 6. Bg2 Nge7 7. O-O O-O 8. Re1
b5 9. h3 a5 10. Nf1 Qc7 11. g4 dxe4 12. dxe4 Rb8 13. Qe2 Ne5 14. Be3 Nc4 15. b3
Nxe3 16. Nxe3 Ng6 17. c4 Bb7 18. cxb5 Bxe4 19. Nc4 Bxf3 20. Qxf3 Rxb5 21. Nxd6
Qxd6 22. Rad1 Qb8 23. Rd7 Ne5 24. Rxe5 Qxe5 25. Qd3 Rb4 26. Qa6 Qe1+ 27. Bf1 Rf4
28. Qe2 Qxe2 29. Bxe2 Rd4 30. Rc7 Rd2 31. Bc4 Rxa2 32. Rxc5 Rd8 33. b4 Ra1+
34. Kg2 axb4 35. Rb5 Rb1 36. Ba2 Rb2 37. Bc4 Kf8 0-1

[Event "O pohár města Říčany 2017"]
[Site "Kulturni centrum Labut, 17. Listopadu 214 25101 Ricany"]
[Date "2017.08.27"]
[Round "2.14"]
[White "Rut, Vojtech"]
[Black "Nemecek, Lukas"]
[Result "1-0"]
[WhiteElo "2140"]
[BlackElo "1632"]
[PlyCount "0"]
[EventDate "2017.08.26"]

1. d4 d5 2. Nf3 Nf6 3. Bf4 e6 4. e3 Bd6 5. Ne5 Nbd7 6. Nd2 O-O 7. Bd3 Qe7 8. g4
Ne8 9. g5 Bxe5 10. dxe5 Nc5 11. h4 Nxd3+ 12. cxd3 Bd7 13. Qg4 Bb5 14. Ke2 g6
15. h5 Rc8 16. Rh3 Kg7 17. Rah1 Rh8 18. hxg6 fxg6 19. Rh6 c5 20. Qh3 Kf7
21. Rxh7+ Rxh7 22. Qxh7+ Ng7 23. Rh6 1-0

[Event "O pohár města Říčany 2017"]
[Site "Kulturni centrum Labut, 17. Listopadu 214 25101 Ricany"]
[Date "2017.08.27"]
[Round "2.15"]
[White "Jirousek, Tadeas"]
[Black "Skalsky, Alexandr"]
[Result "0-1"]
[WhiteElo "1584"]
[BlackElo "2105"]
[PlyCount "0"]
[EventDate "2017.08.26"]

1. e4 c5 2. Nf3 d6 3. d4 cxd4 4. Nxd4 Nf6 5. Nc3 a6 6. Bg5 e6 7. f4 Nbd7 8. Qe2
Qc7 9. g4 b5 10. Bg2 Bb7 11. O-O-O Rc8 12. Rhe1 h6 13. Bxf6 gxf6 14. Nd5 Qc4
15. Qxc4 Rxc4 16. Ne3 Rc8 17. f5 e5 18. Nb3 h5 19. Kb1 Bh6 20. Rxd6 Bxe3
21. Rxe3 hxg4 22. Rg3 Ke7 23. Rd1 Rcg8 24. Rgd3 Rd8 25. R1d2 Rxh2 26. Rg3 Rh4
27. c3 Nb6 28. Rxd8 Kxd8 29. Nc5 Kc7 30. Nxb7 Kxb7 31. Kc2 Rh2 0-1

[Event "O pohár města Říčany 2017"]
[Site "Kulturni centrum Labut, 17. Listopadu 214 25101 Ricany"]
[Date "2017.08.27"]
[Round "2.16"]
[White "Skalicky, Tomas"]
[Black "Kronowetter, Borivoj"]
[Result "1/2-1/2"]
[WhiteElo "2165"]
[BlackElo "1787"]
[PlyCount "0"]
[EventDate "2017.08.26"]

1. d4 Nf6 2. c4 g6 3. Nc3 Bg7 4. e4 d6 5. Be2 O-O 6. Be3 c6 7. h4 d5 8. e5 Ne4
9. Nxe4 dxe4 10. Qc2 c5 11. Qxe4 Nc6 12. Nf3 cxd4 13. Nxd4 Qa5+ 14. Kf1 Qxe5
15. Qxe5 Nxe5 16. f3 Rd8 17. Kf2 Nxc4 18. Bxc4 Bxd4 19. Rhd1 Bxe3+ 20. Kxe3 Bd7
21. Rd2 Bc6 22. Rad1 Rxd2 23. Rxd2 Kg7 24. b4 Rc8 25. Bb3 Bb5 26. g3 Rc3+
27. Kf2 e6 28. Rc2 Rxc2+ 29. Bxc2 Kf6 30. Ke3 b6 31. a4 Bc6 32. a5 h6 33. axb6
axb6 34. f4 e5 35. Bb3 exf4+ 36. Kxf4 g5+ 37. hxg5+ hxg5+ 38. Ke3 Ke7 39. Kd4 f6
40. Bc4 Kd6 41. Bb3 f5 42. Bc2 f4 43. gxf4 gxf4 44. Bd3 Bg2 45. b5 f3 46. Ke3
Kc5 47. Kf2 Kd4 48. Bf5 Kc5 49. Bd7 Bh1 50. Bc6 Bg2 51. Bd7 1/2-1/2